[Event "Bad Woerishofen op"]
[Site "Bad Woerishofen"]
[Date "2001.??.??"]
[Round "2"]
[White "Abhau, Jochen"]
[Black "Deues, Erik"]
[Result "1/2-1/2"]
[WhiteElo "2282"]
[BlackElo "2130"]
[Annotator "ChessOrg"]
[PlyCount "32"]
[EventDate "1998.03.05"]
[Source "ChessBase"]
[SourceDate "1998.04.29"]

1. Nf3 {D73: Gruenfeld-Verteidigung (3.g3)} 1... Nf6 2. g3 d5 3. Bg2 g6 4. d4
Bg7 5. c4 c6 6. Qb3 dxc4 7. Qxc4 Be6 8. Qc2 Na6 9. O-O Bf5 10. Qa4 O-O 11. Ne5
Qb6 12. Nc3 12... Rad8 {letzter Buchzug} 13. Rd1 Be6 14. Nc4 Qb4 15. Qxb4 Nxb4
16. Ne3 Rd7 (16... Ng4 17. Nxg4 Bxg4 18. h3 $11) 1/2-1/2

[Event "Bad Woerishofen op"]
[Site "Bad Woerishofen"]
[Date "2001.??.??"]
[Round "4"]
[White "Abhau, Jochen"]
[Black "Huber, Stefan"]
[Result "1-0"]
[WhiteElo "2282"]
[BlackElo "2147"]
[Annotator "ChessOrg"]
[PlyCount "66"]
[EventDate "1998.03.05"]
[Source "ChessBase"]
[SourceDate "1998.04.29"]

1. Nf3 {A17: Englische Eroeffnung} 1... Nf6 2. g3 b6 3. Bg2 Bb7 4. O-O e6 5. c4
c5 6. Nc3 Be7 7. Re1 d6 8. e4 e5 9. d3 O-O 10. Nh4 Nc6 11. f4 {letzter Buchzug}
11... g6 12. Rf1 exf4 13. Bxf4 (13. Rxf4 g5 14. Rf5 14... gxh4 $17) 13... Nh5
14. Bh6 Bxh4 15. gxh4 Qxh4 16. Bxf8 Rxf8 17. Qe1 Qg5 18. Qc1 Qh4 19. Qe1 (19.
Nb5 19... Rd8 $14) 19... Qg5 $11 20. Qc1 Qh4 21. Qh6 (21. Nb5 21... Rd8 $14)
21... Ne5 $11 22. Bf3 (22. Qd2 22... g5 $11) 22... Nxf3+ (22... Qf4 23. Qxf4
Nxf4 24. Rad1 $11) 23. Rxf3 $11 23... Qg4+ 24. Kf2 Qh4+ 25. Kg1 Qg4+ 26. Kf2 f5
(26... Qh4+ 27. Kg2 $11) 27. Rf1 $14 27... f4 28. Ne2 $4 (28. Nd5 Bxd5 29. cxd5
$17 (29. exd5 $4 29... Rf6 $19)) 28... Rf6 $19 29. Nxf4 (29. Ke1 g5 30. Qxg5+
Qxg5 31. Rg1 Qxg1+ 32. Nxg1 $19) 29... Nxf4 30. Ke1 Ng2+ 31. Ke2 31... Bxe4 $1
32. dxe4 Qxe4+ 33. Re3 Nxe3 (33... Qc2#) 1-0

[Event "Bad Woerishofen op"]
[Site "Bad Woerishofen"]
[Date "2001.??.??"]
[Round "6"]
[White "Abhau, Jochen"]
[Black "Schenk, Uwe"]
[Result "1/2-1/2"]
[WhiteElo "2282"]
[BlackElo "2152"]
[Annotator "ChessOrg"]
[PlyCount "58"]
[EventDate "1998.03.05"]
[Source "ChessBase"]
[SourceDate "1998.04.29"]

1. Nf3 {D76: Gruenfeld-Verteidigung (3.g3)} 1... Nf6 2. g3 g6 3. d4 Bg7 4. c4
d5 5. cxd5 Nxd5 6. Bg2 Nb6 7. O-O Nc6 8. e3 O-O 9. Nc3 Re8 10. h3 h6 11. d5 {
letzter Buchzug} 11... Na5 12. Nd4 Bd7 13. a4 Rc8 14. Nb3 Nbc4 15. e4 (15. Nc5
15... e6 $11) 15... c5 (15... c6 16. dxc6 Bxc6 17. Qc2 $15) 16. Nxa5 Qxa5 17.
Rb1 a6 18. Ne2 b5 19. b3 Nd6 20. axb5 Qa2 21. Bd2 (21. Bxh6 Bxb5 22. Bxg7 22...
Bxe2 $16) 21... Nxb5 (21... Bxb5 22. Rc1 $17) 22. Rc1 Nd4 23. Nxd4 cxd4 24. Re1
e5 25. Bf1 Rxc1 26. Bxc1 Rc8 27. Bc4 (27. Kg2 Rc3 28. Bc4 Bxh3+ 29. Kxh3 29...
Qxf2 $19) 27... Bb5 (27... Bxh3 $5 28. Qd2 Qxd2 29. Bxd2 29... Bd7 $15) 28. Re2
Qa5 29. Rc2 Bf8 1/2-1/2

[Event "Bad Woerishofen op"]
[Site "Bad Woerishofen"]
[Date "2001.??.??"]
[Round "8"]
[White "Abhau, Jochen"]
[Black "Schuster, Gerhard"]
[Result "1-0"]
[WhiteElo "2282"]
[BlackElo "2154"]
[Annotator "ChessOrg"]
[PlyCount "81"]
[EventDate "1998.03.05"]
[Source "ChessBase"]
[SourceDate "1998.04.29"]

1. Nf3 {D02: Damenbauernspiele} 1... Nf6 2. g3 d5 3. Bg2 c6 4. O-O Bg4 5. d4
Nbd7 6. Nbd2 e6 7. Re1 Bd6 8. e4 dxe4 9. Nxe4 Nxe4 10. Rxe4 Nf6 11. Re1 11...
h5 {letzter Buchzug} 12. Qd3 Qa5 13. c3 O-O-O 14. b4 Qc7 15. Bg5 Rd7 16. Nd2
Bf5 17. Qc4 Nh7 18. Be3 h4 19. Qe2 (19. b5 $5 19... hxg3 20. hxg3 cxb5 21. Qxb5
$15) 19... hxg3 $15 20. hxg3 Nf6 21. Nc4 Nd5 22. Nxd6+ Qxd6 23. Bd2 Nf6 (23...
Bh3 $142 24. Bf3 24... f6 $11) 24. Bf4 $16 24... Qf8 25. Qe5 Kd8 26. Qb8+ Ke7
27. Qxa7 27... Qg8 $4 (27... Nd5 $14 $142) 28. Qc5+ $18 28... Ke8 29. Qxf5 Rh5
30. Qd3 Ng4 (30... Nd5 31. Be5 $18) 31. Qe2 (31. Bf3 $5 $142 31... f5 32. Bxg4
fxg4 33. Qg6+ Qf7 34. Rxe6+ Kd8 35. Qxg4 g5 36. Bxg5+ 36... Kc7 $18) 31... Nf6
32. Be5 Qh7 33. Bxf6 gxf6 34. Qf3 Ke7 35. a4 Rd8 36. a5 Rh8 37. Re4 (37. a6 $5
$142 37... Rf5 38. Qe4 bxa6 39. Rxa6 Qh2+ 40. Kf1 40... Kf8 $18) 37... Rf5 $4 (
37... Rh1+ $142 38. Bxh1 Qh2+ 39. Kf1 Qxh1+ 40. Qxh1 Rxh1+ 41. Ke2 41... Rxa1
$16) 38. Rf4 $18 38... Qh2+ 39. Kf1 Rfh5 (39... Rxf4 40. gxf4 Qh7 41. a6 bxa6
42. Qxc6 Qd3+ 43. Kg1 $18) 40. Rxf6 R8h7 (40... R5h7 41. a6 Qh5 42. Qxh5 Rxh5
43. Rf3 $18) 41. a6 (41. a6 bxa6 42. Rxa6 $18) 1-0

[Event "Bad Woerishofen op"]
[Site "Bad Woerishofen"]
[Date "2001.??.??"]
[Round "2"]
[White "Aleksandrov, Alexei"]
[Black "Wendel, Stephan"]
[Result "1-0"]
[WhiteElo "2610"]
[BlackElo "2215"]
[Annotator "ChessOrg"]
[PlyCount "67"]
[EventDate "1998.03.05"]
[Source "ChessBase"]
[SourceDate "1998.04.29"]

1. d4 {D10: Damengambit (Slawische Verteidigung)} 1... Nf6 2. c4 c6 3. Nc3 d5
4. e3 g6 5. b3 Bg7 6. Bb2 O-O 7. Be2 7... a6 {letzter Buchzug} 8. a4 Nbd7 9.
Nf3 b6 10. O-O Bb7 11. Rc1 e6 12. Qc2 Qc7 13. cxd5 exd5 (13... cxd5 $143 14.
Nxd5 Qd8 15. Nb4 $16) 14. a5 b5 (14... bxa5 $5 15. Nd2 15... Rfe8 $11) 15. Ba3
Rfe8 16. Bb4 Rac8 17. Qa2 Qd8 18. Nd1 Ne4 19. Nb2 c5 20. dxc5 Ndxc5 21. Nd3 Ne6
22. Rxc8 Qxc8 23. Rc1 Qd8 24. Nde1 d4 25. Rd1 Qa8 (25... Bf8 26. Bxf8 26... Nc3
$17) 26. Nxd4 $14 26... Bxd4 (26... Nxd4 27. exd4 (27. Rxd4 $143 27... Bxd4 28.
exd4 28... Qd8 $17) 27... Ng5 28. Bf1 $14) 27. exd4 $16 27... Nf4 28. Bf1 Ng5
29. h4 (29. f3 29... Qd8 $16) 29... Rxe1 (29... Bxg2 30. Nxg2 Nf3+ 31. Kh1
31... Nxg2 $19) 30. Rxe1 $16 (30. Bxe1 $6 30... Bxg2 31. hxg5 31... Qd5 $11)
30... Bxg2 31. hxg5 Bxf1 32. d5 32... Bh3 $4 (32... Nxd5 $142 33. Rxf1 33...
Nxb4 $16) 33. Qd2 $18 33... Nxd5 (33... Nh5 $18) 34. Qxd5 $3 (34. Qxd5 Qc8 35.
Kh2 $18) 1-0

[Event "Bad Woerishofen op"]
[Site "Bad Woerishofen"]
[Date "2001.??.??"]
[Round "4"]
[White "Aleksandrov, Alexei"]
[Black "Khurtsidze, Nino"]
[Result "1-0"]
[WhiteElo "2610"]
[BlackElo "2459"]
[Annotator "ChessOrg"]
[PlyCount "97"]
[EventDate "1998.03.05"]
[Source "ChessBase"]
[SourceDate "1998.04.29"]

1. d4 {D47: Damengambit (Meraner Variante)} 1... d5 2. c4 c6 3. Nc3 Nf6 4. e3
e6 5. Nf3 Nbd7 6. Bd3 dxc4 7. Bxc4 b5 8. Be2 b4 9. Na4 Bb7 10. O-O Be7 11. a3
a5 12. Qc2 O-O 13. Rd1 c5 14. Nxc5 Nxc5 15. dxc5 Qc7 16. axb4 axb4 17. Rxa8
Rxa8 18. Ne1 {letzter Buchzug} 18... Qxc5 19. Qxc5 Bxc5 20. Nd3 Bf8 21. Bd2 b3
22. f3 Nd5 (22... Ra2 $5 $11) 23. Nc1 $14 23... Ba6 24. Bxa6 Rxa6 25. e4 Nb6
26. Nxb3 Nc4 27. Bc1 Rb6 28. Rd3 f5 29. exf5 exf5 30. Rc3 Rb4 31. Rc2 Bd6 32.
Nd2 Na5 33. h3 Kf7 34. Kf2 Be5 35. Ke2 Ke6 36. Rc5 Nb3 37. Nxb3 Rxb3 38. Kd1 g5
(38... Bxb2 $2 39. Kc2 Bxc1 40. Kxb3 $18 (40. Kxc1 $6 40... g5 $11)) 39. Kc2
Rb4 40. Rc6+ Kf7 (40... Kd5 41. Rc8 $16) 41. g4 fxg4 42. fxg4 Bf6 43. b3 h5 44.
Bd2 44... Rb5 $2 (44... Re4 $142 45. Rc4 Rxc4+ 46. bxc4 hxg4 47. hxg4 47... Ke6
$18) 45. gxh5 Rf5 46. Bc3 (46. h6 $5 46... Rf3 47. h7 Rxh3 48. Rxf6+ Kxf6 49.
h8=Q+ Rxh8 50. Bc3+ Kf5 51. Bxh8 51... Ke4 $18) 46... Bxc3 47. Rxc3 (47. Kxc3
$6 47... Rf3+ 48. Kc4 48... Rxh3 $16) 47... Rf4 48. Kb2 Kg7 (48... Rh4 49. Re3
$18) 49. Rc6 (49. Rc6 Rh4 50. Rg6+ Kf7 51. Rxg5 Rxh3 52. b4 $18) 1-0

[Event "Bad Woerishofen op"]
[Site "Bad Woerishofen"]
[Date "2001.??.??"]
[Round "6"]
[White "Aleksandrov, Alexei"]
[Black "Martinovic, Slobodan"]
[Result "1-0"]
[WhiteElo "2610"]
[BlackElo "2425"]
[Annotator "ChessOrg"]
[PlyCount "143"]
[EventDate "1998.03.05"]
[Source "ChessBase"]
[SourceDate "1998.04.29"]

1. d4 {A53: Altindisch} 1... Nf6 2. c4 d6 3. Nc3 Bf5 4. f3 e5 5. e4 exd4 6.
Qxd4 Nc6 7. Qf2 Be6 8. Nd5 {letzter Buchzug} 8... Ne5 9. Qc2 Ned7 10. Ne2 g6
11. Nec3 Bg7 12. Be3 O-O 13. Be2 Nh5 14. g4 Nhf6 15. Nf4 Qe7 16. O-O-O Ne5 17.
g5 Nfd7 18. Nfd5 Bxd5 (18... Qd8 $5 19. f4 19... Ng4 $14) 19. Nxd5 $18 (19.
Rxd5 $6 19... Nb6 20. Rdd1 20... c6 $11 (20... Nbxc4 $143 21. Nd5 Qe6 22. Bxc4
Nxc4 23. Qxc4 $16)) (19. exd5 Nxc4 20. Bf4 Ne3 21. Bxe3 Qxe3+ 22. Kb1 22...
Bxc3 $19) (19. cxd5 $6 19... f5 $14) 19... Qd8 20. f4 Nc6 21. h4 Ne7 22. Nc3
Re8 23. h5 Nc6 24. hxg6 hxg6 25. Kb1 a5 26. c5 (26. Bf3 26... Rb8 $16) 26...
Qe7 (26... Nb4 $5 27. Qb3 27... Qe7 $16) 27. cxd6 cxd6 28. Bf3 Qe6 29. e5 $1
29... Nb4 (29... Qxe5 30. fxe5) 30. Qb3 (30. Qg2 Qe7 (30... dxe5 $143 31. Bg4 (
31. Bxb7 $6 31... Rad8 $11) 31... Qc6 32. Qxc6 Nxc6 33. Bxd7 $18 (33. Rxd7 $143
33... exf4 34. Bxf4 Ne5 35. Bxe5 35... Rxe5 $18)) 31. Rxd6 31... Rac8 $18)
30... Nc5 $2 (30... Qxb3 $5 $142 31. axb3 31... Nc5 $16) 31. Qxe6 $18 31...
Rxe6 32. Nb5 Rb8 33. Nxd6 b6 34. Be2 Re7 35. Bxc5 bxc5 36. Ne4 Nc6 37. Nxc5
Nxe5 38. fxe5 (38. Na6 $5 $142 38... Rxb2+ 39. Kxb2 Nc6+ 40. Ka3 Rxe2 41. Rhe1
$18) 38... Rxe5 $16 39. Nd7 Rxe2 40. Nxb8 Rxb2+ 41. Kc1 Rxb8 42. Rh4 (42. Rd7
42... f6 $16) 42... Rc8+ 43. Kd2 Rc5 44. Rg4 Bf8 45. Re1 Kg7 46. Re2 Rf5 47.
Kc3 Ba3 48. Kb3 Bd6 (48... Bc1 49. Reg2 $11) 49. Ka4 Kf8 50. Rb2 Be7 51. Rb8+
Kg7 52. Ra8 (52. Rb5 Rf2 53. Kb3 53... Bb4 $16) 52... Rxg5 (52... Rf2 $5 $11
$142) 53. Rxg5 $16 53... Bxg5 54. Rxa5 f5 55. Kb3 Be3 56. Kc4 Kf6 57. a4 (57.
Ra6+ $5 57... Kf7 58. Kd5 $16) 57... g5 $16 58. Kd3 f4 59. Ke4 g4 60. Rd5 Ke6
61. Rd1 g3 62. Kf3 Bb6 63. Rb1 (63. Ra1 Ba7 64. a5 64... Kd7 $18) 63... Be3 (
63... Bc7 64. Ra1 $18) 64. Rb7 Bd2 65. Rb3 Ke7 66. Rd3 Bb4 67. Rd5 (67. Kxf4 $6
67... g2 68. Rd1 68... Bc5 $14) 67... Ke6 68. Rb5 Bd2 69. a5 Kd6 70. a6 Be3 71.
Rb7 Kc6 72. Rf7 (72. Rf7 Kd6 73. Rxf4 $18) (72. Re7 $5 $142 72... g2 73. Kxg2
73... Bc5 $18) 1-0

[Event "Bad Woerishofen op"]
[Site "Bad Woerishofen"]
[Date "2001.??.??"]
[Round "7"]
[White "Aleksandrov, Alexei"]
[Black "Sprenger, Jan"]
[Result "1/2-1/2"]
[WhiteElo "2610"]
[BlackElo "2326"]
[Annotator "ChessOrg"]
[PlyCount "96"]
[EventDate "1998.03.05"]
[Source "ChessBase"]
[SourceDate "1998.04.29"]

1. d4 {D47: Damengambit (Meraner Variante)} 1... d5 2. c4 c6 3. Nc3 Nf6 4. e3
e6 5. Nf3 Nbd7 6. Bd3 dxc4 7. Bxc4 b5 8. Be2 Bb7 9. O-O Be7 10. e4 b4 11. e5
bxc3 12. exf6 Bxf6 13. bxc3 c5 14. dxc5 O-O 15. Ba3 Be7 16. Rb1 {
letzter Buchzug} 16... Bd5 17. c4 Be4 18. Rb5 Bc6 19. Qd4 Qc7 20. Rbb1 Rfd8 21.
Qe3 Ba4 22. Bb2 Bxc5 23. Qe4 Nf8 24. h4 (24. Be5 Qc6 25. Bd3 25... Ng6 $11)
24... f6 25. h5 h6 (25... e5 26. Rfc1 $15) 26. Nd4 $11 26... Bxd4 27. Bxd4 Bc6
28. Qh4 e5 29. Be3 f5 30. f4 Ne6 31. Rbe1 (31. fxe5 $5 31... Qxe5 32. Qf2 $11)
31... exf4 32. Bxf4 Qb6+ 33. Kh2 Rd4 (33... Nxf4 34. Qxf4 Rd4 35. Qg3 $11) 34.
Qg3 Nxf4 35. Rxf4 Be4 36. Bf3 Rxc4 (36... Rd3 37. Rf1 $15) 37. Rxf5 Bxf5 38.
Bd5+ (38. Bxa8 $143 38... Qd8 39. Qe5 Rh4+ 40. Kg1 Qb6+ 41. Qe3 Rxh5 42. Qxb6
axb6 43. Re8+ 43... Kf7 $17) 38... Kh7 39. Bxc4 (39. Bxa8 $143 39... Rg4 40.
Qe3 Rh4+ 41. Kg1 41... Rxh5 $19) 39... Rd8 40. Re7 Qd4 41. Rf7 Bc2 42. Be6 Re8
43. Bh3 a5 44. Rc7 Be4 45. Rc3 (45. Bd7 Rf8 46. Bb5 46... Qf6 $11) 45... Rf8
46. Qe3 Qd6+ 47. Qg3 Qd4 48. Qe3 Qd6+ 1/2-1/2

[Event "Bad Woerishofen op"]
[Site "?"]
[Date "2001.??.??"]
[Round "1"]
[White "Antoniacci, Riccardo"]
[Black "Gutman, Lev"]
[Result "0-1"]
[WhiteElo "2052"]
[BlackElo "2527"]
[Annotator "ChessOrg"]
[PlyCount "64"]
[EventDate "2000.??.??"]

1. e4 {B90: Sizilianisch (Najdorf-Variante, Abweichungen)} 1... c5 2. Nf3 d6 3.
d4 cxd4 4. Nxd4 Nf6 5. Nc3 a6 6. Bc4 b5 7. Bb3 Bg4 8. f3 Bd7 9. Bg5 e6 10. O-O
{letzter Buchzug} 10... Be7 11. Kh1 O-O 12. a3 (12. Qd3 b4 13. Nce2 e5 14. Bxf6
14... Bxf6 $14) 12... Nc6 (12... Nxe4 13. Nxe4 Bxg5 14. Nxd6 $11) 13. f4 (13.
Qd2 h6 14. Be3 14... Na5 $11) 13... Rc8 14. Nf3 Na5 15. e5 dxe5 16. Nxe5 (16.
fxe5 Nxb3 17. cxb3 Ng4 18. Bxe7 18... Qxe7 $11) 16... Bc6 (16... Nxb3 17. cxb3
Bc6 18. Rc1 $11) 17. Nxc6 (17. Ba2 $5 $11) 17... Rxc6 $15 18. Qf3 Qc7 19. Rad1
Nc4 (19... Nxb3 20. cxb3 Rc8 21. f5 $11) 20. Bxc4 $11 20... Rxc4 21. Rd2 (21.
f5 21... e5 $11) 21... h6 $15 22. Bh4 Rc8 23. Bg3 (23. Rd3 $5 $15) 23... Qc6
24. Qd1 Bxa3 25. Rd8+ (25. Nxb5 axb5 (25... Bxb2 $143 26. Na7 Qa8 27. Nxc8 Rxc8
28. Qe2 $14) 26. bxa3 Ne4 27. Rd8+ Rxd8 28. Qxd8+ 28... Kh7 $19) 25... Rxd8 26.
Qxd8+ Qe8 27. Qa5 (27. Qxe8+ Nxe8 28. Nd1 $19) 27... Bxb2 28. Nd1 Ra4 29. Qe1
Bd4 30. c3 Bc5 31. Qe5 (31. Nb2 31... Ra3 $19) 31... Qc6 32. Nf2 (32. f5 Ra2
33. Rf3 33... Qd7 $19) 32... Ra2 (32... Ra2 33. h3 33... Bd6 $19) 0-1

[Event "Bad Woerishofen op"]
[Site "Bad Woerishofen"]
[Date "2001.??.??"]
[Round "3"]
[White "Antoniacci, Riccardo"]
[Black "Marotzke, Stefan"]
[Result "0-1"]
[WhiteElo "2052"]
[BlackElo "1761"]
[Annotator "ChessOrg"]
[PlyCount "96"]
[EventDate "1998.03.05"]
[Source "ChessBase"]
[SourceDate "1998.04.29"]

1. e4 {B01: Skandinavische Verteidigung} 1... d5 2. exd5 Nf6 3. d4 Nxd5 4. Nf3
g6 5. c4 Nb6 6. Nc3 Bg7 7. Be2 O-O 8. Bf4 {letzter Buchzug} 8... c6 9. Be5 Bg4
10. Bxg7 Kxg7 11. b3 N8d7 (11... Bxf3 12. Bxf3 e5 13. d5 $14) 12. h3 Bxf3 13.
Bxf3 e6 14. O-O Nf6 15. Qd2 Qc7 16. a4 Rad8 17. a5 Nbd7 18. Qe3 a6 19. Rfc1
Rfe8 20. b4 Qd6 21. b5 Nb8 22. Rd1 Rd7 (22... cxb5 23. cxb5 Nd5 24. Nxd5 exd5
25. Qd3 $11) 23. Na4 (23. b6 23... Rdd8 $16) 23... axb5 24. cxb5 Nd5 (24...
Rde7 25. Qe5 Qxe5 26. dxe5 $14) 25. Bxd5 $16 25... cxd5 26. Nc5 Rc7 27. a6 (27.
Rac1 27... Ree7 $16) 27... bxa6 $14 28. bxa6 Ra7 29. Qa3 Rc8 30. Rdb1 Rc6 31.
Rb5 Rb6 32. Rxb6 Qxb6 33. Qd3 Nc6 34. Rb1 Qa5 35. Rb7 (35. Rc1 Nb8 36. Qc3 Qxc3
37. Rxc3 37... Kf8 $14) 35... Qe1+ (35... Rxb7 36. axb7 Qe1+ 37. Qf1 $16) 36.
Kh2 (36. Qf1 Qc3 37. Nxe6+ 37... Kg8 $16) 36... Qxf2 (36... Rxb7 $5 $142 37.
axb7 37... Qxf2 $11) 37. Nxe6+ $16 37... Kh6 38. Nd8 (38. Nc7 $5 38... Nxd4 39.
Qg3 (39. Rxa7 $143 39... Ne2 40. Qxe2 40... Qxe2 $11) 39... Qxg3+ 40. Kxg3 $16)
38... Qf4+ $11 39. Kg1 (39. Qg3 $5 39... Qxg3+ 40. Kxg3 Rxa6 41. Nxc6 Rxc6 42.
Rd7 $11) 39... Rxb7 $15 40. axb7 $2 (40. Nxb7 $142 40... Nb4 41. Qa3 $11) 40...
Nxd8 $19 41. Qb3 (41. Qb1 Qxd4+ 42. Kh1 Nxb7 43. Qxb7 43... f5 $19) 41... Qxd4+
42. Kf1 (42. Kh2 Qe5+ 43. g3 43... Nc6 $19) 42... Nxb7 (42... Qa1+ $142 43. Ke2
Qa6+ 44. Ke3 Qxb7 45. Qxb7 45... Nxb7 $19) 43. Qxb7 Qf4+ 44. Ke2 d4 45. Qf3
Qxf3+ 46. Kxf3 Kg5 47. g3 Kf5 (47... f5 48. Ke2 f4 49. Kf3 fxg3 50. Kxg3 $19)
48. h4 (48. g4+ Kg5 49. Kg3 f5 50. h4+ 50... Kf6 $19) 48... h5 (48... h5 49.
Kf2 49... Ke4 $19) 0-1

[Event "Bad Woerishofen op"]
[Site "Bad Woerishofen"]
[Date "2001.??.??"]
[Round "5"]
[White "Antoniacci, Riccardo"]
[Black "Walther, Alexander"]
[Result "0-1"]
[WhiteElo "2052"]
[BlackElo "1743"]
[Annotator "ChessOrg"]
[PlyCount "68"]
[EventDate "1998.03.05"]
[Source "ChessBase"]
[SourceDate "1998.04.29"]

1. e4 {B10: Caro-Kann-Verteidigung} 1... c6 2. Nc3 d6 3. Bc4 {letzter Buchzug}
3... Qc7 (3... Nf6 4. d4 $11) 4. d3 e5 5. Nf3 Bg4 6. h3 Bh5 7. g4 Bg6 8. Nh4
Be7 9. Nf5 (9. Nxg6 hxg6 10. Qf3 10... Bd8 $14) 9... Bxf5 $11 10. gxf5 (10.
exf5 $143 10... d5 11. Bb3 11... Nd7 $15) 10... Nf6 11. Be3 Nbd7 12. d4 (12.
Rg1 $5 12... Rg8 13. Qf3 $11) 12... b5 13. Bd3 exd4 14. Bxd4 b4 15. Ne2 c5 16.
Bxf6 Bxf6 (16... Nxf6 $6 17. Bc4 $11) 17. Rb1 $2 (17. c3 $15 $142) 17... c4 $19
18. Nf4 cxd3 19. cxd3 Qa5 20. Kf1 Rc8 21. Rg1 (21. Nd5 Qxa2 22. Nxb4 22... Qa5
$19) 21... Qxa2 22. Kg2 (22. Nd5 Bxb2 23. Nxb4 23... Qa3 $19) 22... Qa5 (22...
b3 23. Nd5 $19) 23. Kh1 (23. Nd5 23... Rg8 $19) 23... Qb6 24. Rg2 b3 (24... Qc5
$142 25. Nd5 $19) 25. Qh5 (25. Nd5 Qb7 26. Nxf6+ gxf6 27. Rc1 $19) 25... g6 26.
Qh6 Rc2 (26... Qd4 27. Nd5 $19) 27. Nd5 Qd4 28. Ra1 (28. Qe3 28... Be5 $19)
28... Bg7 (28... Rxb2 29. Nxf6+ Nxf6 30. fxg6 fxg6 31. Qg7 $19) 29. Qg5 (29.
Qf4 Rxb2 (29... Qxd3 $6 30. Qh4 g5 31. Qxg5 Qxe4 32. Qxg7 $19) 30. Qxd6 30...
Qc5 $19) 29... O-O (29... Nf6 30. Nxf6+ Bxf6 31. Qe3 Qxb2 32. Rag1 $19) 30.
Rag1 Rxf2 31. h4 (31. Rxf2 Qxf2 32. Qg2 32... Qd4 $19) 31... Rxg2 (31... Qxb2
32. Qg3 Rxg2 33. Qxg2 Qxg2+ 34. Kxg2 $19) 32. Rxg2 (32. Qxg2 Qxd3 33. h5 Re8
34. hxg6 Qxe4 35. Qxe4 35... Rxe4 $19) 32... Qxd3 33. h5 (33. Qf4 Be5 34. Qe3
Qxe3 35. Nxe3 35... Rc8 $19) 33... Qf1+ 34. Kh2 Be5+ (34... Be5+ 35. Rg3 Qe2+
36. Kh3 Qxe4 37. Ne7+ 37... Kh8 $19) 0-1

[Event "Bad Woerishofen op"]
[Site "Bad Woerishofen"]
[Date "2001.??.??"]
[Round "6"]
[White "Antoniacci, Riccardo"]
[Black "Schweitzer, Paul"]
[Result "1/2-1/2"]
[WhiteElo "2052"]
[BlackElo "1571"]
[Annotator "ChessOrg"]
[PlyCount "143"]
[EventDate "1998.03.05"]
[Source "ChessBase"]
[SourceDate "1998.04.29"]

1. e4 {B07: Pirc-Ufimzew-Verteidigung} 1... d6 2. d4 e6 3. Nc3 {letzter Buchzug
} 3... Ne7 4. Bg5 c6 5. Qd2 Nd7 6. f4 (6. Nf3 h6 7. Bf4 7... d5 $14) 6... f6 7.
Bh4 Ng6 8. Bf2 a6 9. h4 Qa5 10. Nf3 b5 11. g3 e5 12. Bg2 Rb8 13. h5 Ne7 14. f5
(14. a3 $5 $14) 14... b4 $15 15. Ne2 Nb6 16. b3 d5 17. dxe5 dxe4 18. Nh4 (18.
exf6 gxf6 19. Nfd4 19... Qe5 $11 (19... Bxf5 20. Nxf5 Nxf5 21. Bxe4 $14)) 18...
Nxf5 (18... Qxe5 19. Bd4 e3 20. Qd3 $11) 19. Bxe4 $11 19... Qxe5 20. Bxc6+ Nd7
21. Rd1 Nd6 (21... Qc7 $5 $142 22. Bxd7+ Bxd7 23. Qxd7+ Qxd7 24. Rxd7 24...
Nxh4 $11) 22. Nf3 $16 22... Qa5 (22... Qe6 23. Ba7 Rb7 24. Bxb7 Bxb7 25. Rf1
$16) 23. Qe3+ (23. Ba7 $5 23... Rb5 24. Qe3+ Kf7 25. Nf4 $18) 23... Kd8 $16 24.
Nfd4 (24. Nf4 Nb6 25. Ne6+ Bxe6 26. Qxe6 26... Kc7 $18) 24... Qe5 (24... Ne5 $5
$11 $142) 25. Ne6+ $16 25... Ke7 26. N2f4 (26. Nxf8 Rxf8 27. Qd3 Nc5 28. Qxh7
28... Rf7 $16) 26... Qxe3+ 27. Bxe3 Ne5 (27... Bb7 $5 $142 28. Bxb7 28... Rxb7
$14) 28. Bc5 $18 (28. Nxf8 Bg4 (28... Nxc6 $2 29. N8g6+ hxg6 30. Nxg6+ Ke6 31.
Nxh8 $18) 29. Nd7 Nxd7 30. Nd5+ Kf7 31. Bxd7 Bxd1 32. Kxd1 32... Rhd8 $11)
28... Bxe6 29. Rxd6 (29. Bxd6+ $5 29... Kf7 30. Bxb8 Nxc6 31. Nxe6 31... Kxe6
$18) 29... Kf7 (29... Bf5 $5 30. h6 Nxc6 (30... gxh6 $2 31. Rd7+ Ke8 32. Rxh7+
Nxc6 33. Rxh8 $18) 31. Rxc6+ Kd7 32. hxg7 Bxg7 33. Rxa6 Ra8 34. Rd6+ 34... Kc8
$16) 30. Rxe6 $16 (30. Nxe6 $143 30... Bxd6 31. Bxd6 Kxe6 32. Bxb8 32... Nxc6
$15) 30... Rd8 $4 (30... Bxc5 31. Bd5 31... Kf8 $18) 31. Bb6 $18 31... Rd6 (
31... Nxc6 32. Rxc6 Rd7 33. Ke2 $18) 32. Rxd6 (32. Be8+ 32... Kg8 $18) 32...
Bxd6 33. O-O (33. Bd5+ $142 33... Ke7 34. Be4 $18) 33... Nxc6 $15 34. Rd1 Bxf4
35. gxf4 Re8 36. Kf2 f5 37. Rd5 g6 38. hxg6+ hxg6 39. Rc5 Re6 40. Rc4 Ke8 41.
c3 bxc3 42. Rxc3 Kd7 43. Kg3 Re2 44. a3 Re4 45. Rd3+ Ke8 46. Rd6 Ne7 47. Bc5
47... g5 $2 (47... Kf7 $14 $142) 48. fxg5 $18 48... Rg4+ 49. Kf3 Rxg5 50. Re6
Rg7 51. Kf4 (51. Rxa6 $5 51... Nd5 $18) 51... Kd7 $16 52. Rxa6 Rg4+ 53. Kf3 Nc6
54. b4 Nd4+ (54... Rc4 55. Ke2 $16) 55. Bxd4 $18 55... Rxd4 56. Ke3 Rh4 57. b5
Kc7 58. a4 Rb4 59. Kd3 Kb7 60. Kc3 Rf4 61. a5 Rf3+ (61... Ra4 62. Kb3 Ra1 63.
Rb6+ Ka7 64. Kb4 $18) 62. Kc4 Rf2 (62... Ra3 $18) 63. Rf6 Rc2+ 64. Kd5 Rb2 (
64... Rd2+ 65. Ke6 $18) 65. Rf7+ (65. a6+ $142 65... Kc7 66. Rf7+ 66... Kd8 $18
) 65... Ka8 66. Kc6 Rc2+ 67. Kb6 Rc8 68. a6 Rh8 (68... Rb8+ 69. Ka5 Rd8 70. a7
Rf8 71. Rxf8+ Kxa7 72. b6+ Kb7 73. Kb5 f4 74. Rf7+ Kc8 75. b7+ Kb8 76. Kb6 f3
77. Rf8#) 69. Ka5 (69. a7 Rh6+ 70. Ka5 Rf6 71. Rc7 f4 72. b6 Rf5+ 73. Ka6 Ra5+
74. Kxa5 f3 75. Rc8+ Kb7 76. a8=Q#) 69... f4 70. Rxf4 (70. b6 Rh5+ 71. Kb4 Rh8
72. a7 f3 73. Kb5 f2 74. Ka6 f1=Q+ 75. Rxf1 Rb8 76. axb8=R+ Kxb8 77. Rf8#)
70... Rh5 $18 71. Rf7 Rg5 72. a7 (72. Rd7 $18 $142) 1/2-1/2